[Event "TCh-HUN 2012-13"]
[Site "Kecskemet HUN"]
[Date "2013.04.21"]
[Round "9"]
[White "Erdos,V"]
[Black "Nestorovic,N"]
[Result "1-0"]
[WhiteElo "2643"]
[BlackElo "2430"]

1.d4 Nf6 2.Bg5 Ne4 3.Bf4 c5 4.f3 Qa5+ 5.c3 Nf6 6.d5 d6 7.e4 g6 8.Nd2 Bg7
9.Nc4 Qd8 10.a4 Nbd7 11.Nh3 O-O 12.Nf2 b6 13.Qd2 a6 14.Be2 Bb7 15.O-O Qc7
16.Rab1 Rab8 17.b4 Ba8 18.b5 axb5 19.axb5 Ne5 20.Bg5 Nxc4 21.Bxc4 Rbe8 22.Rbd1 Bb7
23.Rfe1 Rd8 24.Re2 Rfe8 25.Rde1 Ra8 26.f4 Rad8 27.Qd3 Kh8 28.Qh3 Ng8 29.Re3 Bf6
30.Qh4 Bc8 31.e5 Bg7 32.e6 f5 33.g4 Rf8 34.Rh3 h6 35.gxf5 Rxf5 36.Ng4 Rdf8
37.Ne3 R5f6 38.Qg3 Qb7 39.Ng4 h5 40.Bxf6 exf6 41.Ne3 Ne7 42.f5 gxf5 43.Qxd6 Ng6
44.Rxh5+ Kg8 45.Bd3  1-0

[Event "TCh-HUN 2012-13"]
[Site "Kecskemet HUN"]
[Date "2013.04.21"]
[Round "9"]
[White "Reiss,T"]
[Black "Varasdy,I"]
[Result "1/2-1/2"]
[WhiteElo "2375"]
[BlackElo "2336"]

1.d4 Nf6 2.Bg5 Ne4 3.Bf4 c5 4.f3 Nf6 5.dxc5 Qa5+ 6.Nc3 Qxc5 7.Qd2 d6 8.e4 a6
9.O-O-O Nc6 10.Nd5 Nxd5 11.exd5 Ne5 12.Re1 Qc7 13.h4 e6 14.Ne2 exd5 15.Nc3 Be6
16.Bg3 O-O-O 17.Nxd5 Qc5 18.Rd1 Rd7 19.Bf2 Qxd5 20.Qxd5 Bxd5 21.Rxd5 Be7
22.Be2 h5 23.f4 Ng4 24.Rxh5 Rxh5 25.Bxg4 Rb5 26.Bxd7+ Kxd7 27.g4 Rb4 28.Be3 d5
29.b3 Re4 30.Bd2 Bd6 31.h5 Bxf4 32.Bxf4 Rxf4 33.g5 Rg4 34.h6 gxh6 35.gxh6 Rg8
36.Kd2 Ke7 37.Kd3 Rh8 38.Kd4 Kf6 39.Kxd5 Kg6 40.Rg1+ Kxh6 41.Ke5 Rc8 42.c4 Rc6
43.Rg8 Rg6 44.Rb8 b6 45.b4 Kg5 46.c5 bxc5 47.bxc5 Re6+ 48.Kd5 Re2 49.a4 Rd2+
50.Kc4 f5 51.c6 Rc2+ 52.Kd5 f4 53.Kd6 Rd2+ 54.Kc5 Rc2+ 55.Kb6 Rb2+ 56.Ka7 Rc2
57.Kb7 Rb2+ 58.Ka7 Rc2 59.Rg8+ Kf5 60.Kb7 Rb2+ 61.Kxa6 Rc2 62.Kb7 Rb2+ 63.Kc8 Ra2
64.c7 Rxa4 65.Kd7 Rc4 66.Kd6 Ke4 67.Rg5 Rxc7 68.Kxc7 f3 69.Rg1 f2 70.Rf1 Ke3
71.Rxf2 Kxf2  1/2-1/2

[Event "48th Capablanca Open II 2013"]
[Site "Havana CUB"]
[Date "2013.04.22"]
[Round "2.58"]
[White "Rodriguez Rodriguez,Javier"]
[Black "Castro Bello,Carlos Javier"]
[Result "1-0"]
[WhiteElo "1942"]
[BlackElo "1980"]

1.d4 Nf6 2.Bg5 Ne4 3.Bf4 d6 4.f3 Nf6 5.e4 g6 6.Bd3 Bg7 7.Ne2 O-O 8.Nbc3 c5
9.d5 Nbd7 10.a4 a6 11.Qd2 b6 12.O-O  1-0

[Event "48th Capablanca Open I 2013"]
[Site "Havana CUB"]
[Date "2013.04.24"]
[Round "4.24"]
[White "Alarcon Casellas,Rol"]
[Black "Girones Barrios,Y"]
[Result "1-0"]
[WhiteElo "2440"]
[BlackElo "2312"]

1.d4 Nf6 2.Bg5 Ne4 3.Bf4 c5 4.d5 Qb6 5.Nd2 Qxb2 6.Nxe4 Qb4+ 7.Qd2 Qxe4 8.e3 g6
9.f3 Qb4 10.c3 Qa5 11.Bd3 Bg7 12.Ne2 d6 13.h4 Nd7 14.Rb1 a6 15.h5 Ne5 16.Kf2 Nxd3+
17.Qxd3 Qxa2 18.e4 Bd7 19.Rhc1 O-O-O 20.h6 Bf6 21.g4 Rhf8 22.c4 b5 23.Kf1 bxc4
24.Qe3 Bb5 25.e5 Bh8 26.Ra1 Qb3 27.Nc3 Rd7 28.Rcb1 Qc2 29.Nxb5 axb5 30.Rc1 Qb2
31.Ra8+ Kb7 32.Rxf8 Bxe5 33.Bxe5 dxe5 34.Rxf7 Rxd5 35.Rxe7+ Kc6 36.Re1 b4
37.Qe4 Qd4 38.Rxh7 Qxe4 39.fxe4 Rd2 40.Rh8 Rh2 41.h7 Kb7 42.Kg1 Rh4 43.Kg2 c3
44.Kg3 g5 45.Rc1 Rh6 46.Rc2 Rh4 47.Rh2 b3 48.Rxh4 gxh4+ 49.Kxh4 c2 50.Rb8+ Kxb8
51.h8=Q+ Kb7 52.Qg7+ Kb6 53.Qh6+ Kb5 54.Qc1 Kb4 55.g5 Kc3 56.g6 b2 57.Qe3+ Kc4
58.g7 b1=Q 59.g8=Q+ Kb4 60.Qd2+  1-0

[Event "48th Capablanca Open I 2013"]
[Site "Havana CUB"]
[Date "2013.04.24"]
[Round "4.36"]
[White "Alvarez,Ro1"]
[Black "Vitier Vazquez,C"]
[Result "1/2-1/2"]
[WhiteElo "2400"]
[BlackElo "2260"]

1.d4 Nf6 2.Bg5 Ne4 3.Bf4 d5 4.e3 c5 5.Bd3 Nf6 6.c3 Nc6 7.Nf3 Bg4 8.Nbd2 e6
9.O-O Be7 10.Qb1 O-O 11.Ne5 Bh5 12.h3 a6 13.Bg5 Bg6 14.Nxg6 hxg6 15.Rd1 Ne8
16.Bf4 c4 17.Be2 Bd6 18.Bxd6 Nxd6 19.e4 f5 20.exd5 exd5 21.Bf3 Ne4 22.Bxe4 fxe4
23.Nf1 Ne7 24.Ne3 b5 25.Rf1 Qd6 26.Qd1 a5 27.a3 b4 28.axb4 axb4 29.Rxa8 Rxa8
30.Qg4 bxc3 31.bxc3 Ra3 32.Rc1 Ra2 33.Qg5 Qf6 34.Qg3 g5 35.Qb8+ Qf8 36.Qxf8+ Kxf8
37.Rc2 Ra3 38.Kf1 Kf7 39.Ke2 Ke6 40.Kd2 Nf5 41.Rb2 Nxe3 42.fxe3 Ra6 43.g4 g6
44.Ke2 Kf6 45.Kf2 Ke6 46.Ke2 Kf6 47.Kd2 Ke6 48.Kc2 Kd6 49.Kb1 Kc6 50.Kc2 Rb6
51.Ra2 Kd6 52.Ra8 Ke7 53.Ra7+ Ke6 54.Kc1 Kf6 55.Rd7 Ke6 56.Rd8 Rb3 57.Kc2 Rb6
58.Re8+ Kf6 59.Ra8 Ke6 60.Ra7 Kf6 61.Ra1 Ke7 62.Rf1 Rb5 63.Ra1 Rb6 64.Ra5 Kd6
65.Kd1 Ke6 66.Kc1 Kd6 67.Ra8 Ke7 68.Rh8 Kf6 69.Rf8+ Ke7 70.Rg8 Ra6 71.Kb2 Rb6+
72.Kc2 Ra6 73.Rg7+ Kf6 74.Rb7 Ra2+ 75.Rb2 Ra6 76.Rb5 Ke6 77.Kb2 Kd6 78.Rb8 Ke7
79.Rb7+ Ke6 80.Rg7 Rb6+ 81.Kc2 Kf6 82.Rd7 Ke6 83.Rd8 Rb5 84.Re8+ Kf6 85.Re5 Ra5
86.Kd1 Ra1+ 87.Ke2 Ra2+ 88.Kd1 Ra1+ 89.Ke2 Ra2+ 90.Kd1 Ra1+  1/2-1/2

[Event "Mistrzostwa Malopolski A"]
[Site "Krakow POL"]
[Date "2013.05.03"]
[Round "6.9"]
[White "Betkowski,A"]
[Black "Kyc,Jerzy"]
[Result "1/2-1/2"]
[WhiteElo "2088"]
[BlackElo "1880"]

1.d4 Nf6 2.Bg5 Ne4 3.Bf4 d5 4.e3 e6 5.Bd3 c5 6.c3 Nc6 7.Nd2 Nxd2 8.Qxd2 cxd4
9.exd4 Be7 10.Nf3 O-O 11.h4 Bd6 12.Ng5 h6 13.Bxd6 Qxd6 14.Nh7 Rd8 15.Nf6+ Kh8
16.Ng4 e5 17.Nxe5 Nxe5 18.dxe5 Qxe5+ 19.Qe2 Qf6 20.O-O-O Be6 21.Bc2 d4 22.Qe4 Kg8
23.Rxd4 Qxf2 24.Rhd1 Rxd4 25.Qxd4 Qxd4 26.Rxd4 Kf8 27.Be4 Rb8 28.c4 b6 29.Kc2 Rc8
30.Kc3 Ke7 31.Bd5 Bxd5 32.Rxd5 Rc6 33.g4 Rf6 34.b4 Rf2 35.a4 Rf3+ 36.Rd3 Rf4
37.Rd4 Rf3+  1/2-1/2

[Event "ch-KGZ Women 2013"]
[Site "Bishkek KGZ"]
[Date "2013.05.07"]
[Round "7"]
[White "Lim,G"]
[Black "Loboda,Diana"]
[Result "1-0"]
[WhiteElo "1981"]
[BlackElo "1692"]

1.d4 Nf6 2.Bg5 Ne4 3.Bh4 d5 4.f3 Nd6 5.Nd2 Bf5 6.c4 c6 7.c5 Nc8 8.Nb3 f6
9.g4 Bg6 10.Nh3 Nd7 11.Qd2 e5 12.Na5 Qc7 13.Rc1 Be7 14.Bg3 f5 15.dxe5 Nxc5
16.e6 Bd6 17.Rxc5 Bxg3+ 18.hxg3 Qxg3+ 19.Kd1 b6 20.Rxc6 Ne7 21.Nf4 bxa5 22.Nxg6 Nxc6
23.Nxh8  1-0

[Event "14th Euro Indiv 2013"]
[Site "Legnica POL"]
[Date "2013.05.07"]
[Round "3.56"]
[White "Nisipeanu,LD"]
[Black "Cernousek,L"]
[Result "1-0"]
[WhiteElo "2679"]
[BlackElo "2476"]

1.d4 Nf6 2.Bg5 Ne4 3.Bf4 d5 4.e3 c5 5.Bd3 Qb6 6.Bxe4 dxe4 7.Nc3 Qxb2 8.Nge2 Bg4
9.O-O Qxc3 10.Nxc3 Bxd1 11.Rfxd1 cxd4 12.exd4 e6 13.Rab1 b6 14.Nxe4 Be7 15.c4 O-O
16.d5 Rc8 17.d6 Bd8 18.d7 Rxc4 19.Rbc1 Rxc1 20.Bxc1 f6 21.g4 e5 22.f4 Nc6
23.Bb2 Kf7 24.fxe5 b5 25.Rc1 Bb6+ 26.Kg2 Ne7 27.exf6 gxf6 28.Nxf6 Rd8 29.Rf1 Kg6
30.h4 Nc6 31.h5+ Kh6 32.Ne8 Be3 33.Rf6+ Kg5 34.Rxc6 Rxd7 35.Kf3  1-0

[Event "FSGM May 2013"]
[Site "Budapest HUN"]
[Date "2013.05.09"]
[Round "8.2"]
[White "Chernyshov,K"]
[Black "Atabayev,M"]
[Result "1/2-1/2"]
[WhiteElo "2518"]
[BlackElo "2452"]

1.d4 Nf6 2.Bg5 Ne4 3.Bf4 d5 4.Nd2 e6 5.Nxe4 dxe4 6.e3 Bd6 7.Bxd6 Qxd6 8.c3 O-O
9.f4 Nd7 10.g4 f5 11.g5 c5 12.h4 Nb6 13.Nh3 cxd4 14.Qxd4 Qc7 15.O-O-O Bd7
16.Qd6 Qxd6 17.Rxd6 Kf7  1/2-1/2

[Event "14th Euro Indiv 2013"]
[Site "Legnica POL"]
[Date "2013.05.09"]
[Round "5.104"]
[White "Danielian,E"]
[Black "Tate,A"]
[Result "1/2-1/2"]
[WhiteElo "2478"]
[BlackElo "2264"]

1.d4 Nf6 2.Bg5 Ne4 3.Bf4 c5 4.f3 Qa5+ 5.c3 Nf6 6.Nd2 cxd4 7.Nb3 Qd8 8.cxd4 e6
9.e4 a5 10.a3 d5 11.e5 Nfd7 12.Ne2 a4 13.Nbc1 Nc6 14.Nc3 Qb6 15.Nb5 Ra5 16.Qd3 Na7
17.Nxa7 Rxa7 18.Qc3 Ra8 19.Bd3 Be7 20.Ne2 O-O 21.Qc2 f5 22.g4 g6 23.h4 Rf7
24.gxf5 gxf5 25.Bg5 Bxg5 26.Rg1 Rg7 27.Rxg5 Rxg5 28.hxg5 Nf8 29.Rc1 Bd7 30.Qc5 Qd8
31.Qc7 Qxg5 32.Qxb7 Qd8 33.Qc7 Qxc7 34.Rxc7 Rb8 35.Nf4 Rxb2 36.Nh5 Kf7 37.Nf6 Ke7
38.Ra7 h5 39.Nxh5 Rb3 40.Ke2 Rxa3 41.Nf6 Rb3 42.Bc2 Rb2 43.Kd3 Kd8 44.Bxa4 Bxa4
45.Rxa4 Rb3+ 46.Kc2 Rb7 47.Ra8+ Ke7 48.Nh5 Kf7 49.Nf4 Rc7+ 50.Kd3 Rb7 51.Ke3 Ng6
52.Nxg6 Kxg6 53.Rf8 Kg7 54.Rf6 Rb6 55.Kf4 Ra6 56.Kg5 Rb6 57.Rg6+ Kf7 58.Rh6 Kg7
59.Rg6+  1/2-1/2

[Event "14th Euro Indiv 2013"]
[Site "Legnica POL"]
[Date "2013.05.11"]
[Round "7.130"]
[White "Svana,P"]
[Black "Tomczak,Mikolaj"]
[Result "1/2-1/2"]
[WhiteElo "2255"]
[BlackElo "2002"]

1.d4 Nf6 2.Bg5 Ne4 3.Bf4 d5 4.f3 Nf6 5.c4 c5 6.Bxb8 Rxb8 7.Qa4+ Bd7 8.Qxa7 Ra8
9.Qxb7 Rb8 10.Qa7 Ra8 11.Qb7 Rb8 12.Qa7 Ra8  1/2-1/2

[Event "Victory Day Open 2013"]
[Site "Moscow RUS"]
[Date "2013.05.14"]
[Round "7.7"]
[White "Pletnev,E"]
[Black "Elishev,I"]
[Result "1/2-1/2"]
[WhiteElo "2294"]
[BlackElo "2178"]

1.d4 Nf6 2.Bg5 Ne4 3.Bf4 c5 4.f3 Qa5+ 5.c3 Nf6 6.Nd2 cxd4 7.cxd4 Nc6 8.e3 Nd5
9.Ne2 g5 10.Bxg5 Ndb4 11.Qb3 Qxg5 12.a3 Na6 13.f4 Qa5 14.Nc3 e6 15.Nc4 Qd8
16.Nd2 d5 17.Bd3 f5 18.O-O-O Qb6 19.Qc2 Bd7 20.h3 h5 21.g4 hxg4 22.hxg4 Rxh1
23.Rxh1 fxg4 24.Bg6+ Kd8 25.Rh8 Kc7 26.f5 Rd8 27.Bf7 Kb8 28.fxe6 Bc8 29.Nxd5 Qa5
30.Nf4 Bd6 31.Rxd8 Qxd8 32.Qf5 g3 33.Ne4 Nc7 34.Nxg3 Ne7 35.Qf6 Bxf4 36.exf4 Qd6
37.Ne4 Qc6+ 38.Nc5 Ned5 39.Qe5 b6 40.e7 Nf6 41.e8=Q Nxe8 42.Bxe8 Qxe8 43.Ne4 Qxe5
44.fxe5 Bb7 45.Nd6 Ne6 46.Nf5 Bd5 47.Kd2 Kc7 48.Ke3 Kd7 49.Nd6 Nd8 50.Nb5 a6
51.Nc3 Kc6 52.Ne2 Ne6 53.Nc3 Nc7 54.Ne2 Bc4 55.Ng3 Bd5 56.Nf5 Kb5 57.Kd3 Ka4
58.Ne7 Kb3 59.Nxd5 Nxd5 60.Ke4 Nc7 61.d5 Kc4 62.b3+ Kc5 63.b4+ Kc4 64.d6 Ne6
65.d7 a5 66.Kf5 Kd5 67.Kf6 axb4 68.axb4 b5 69.Kf5 Nd8 70.Kf6 Ne6 71.Kf5 Nd8
72.Kf6 Ne6 73.Kf5  1/2-1/2

[Event "6th Calgary International 2013"]
[Site "Calgary CAN"]
[Date "2013.05.15"]
[Round "3"]
[White "Porper,E"]
[Black "Haessel,D"]
[Result "1/2-1/2"]
[WhiteElo "2423"]
[BlackElo "2171"]

1.d4 Nf6 2.Bg5 Ne4 3.Bf4 d5 4.e3 c5 5.Bd3 Nf6 6.c3 Nc6 7.Nd2 Bg4 8.Ngf3 e6
9.h3 Bh5 10.Qb3 Qb6 11.Qxb6 axb6 12.Bb5 O-O-O 13.O-O Bd6 14.Bxd6 Rxd6 15.Ne5 Nd7
16.f4 f6 17.Nxd7 Rxd7 18.b4 Rc7 19.g4 Bg6 20.bxc5 bxc5 21.dxc5 Na7 22.Be2 Rxc5
23.c4 Rd8 24.Nb3 Rc7 25.Nd4 Bf7 26.Rac1 e5 27.fxe5 fxe5 28.Nf3 Nc6 29.Ng5 Bg8
30.cxd5 Bxd5 31.Bc4 Bxc4 32.Rxc4 Rd2 33.a4 h6 34.Ne4 Rd3 35.Nc5 Rd6 36.Rcc1 Nd8
37.Ne4 Rdc6 38.Rxc6 Rxc6 39.Rf5 Re6 40.Kf2 Kc7 41.Kf3 Kb6 42.Rf8 Nc6 43.Rg8 Re7
44.Nd6 Ka5 45.Nf5 Rf7 46.Ra8+ Kb4 47.Ke4 Rd7 48.h4 Na5 49.Kxe5 Kxa4 50.e4 b5
51.Nd6 Kb4 52.Ke6 Rc7 53.Rb8 Rc5 54.Kf7 g5 55.h5 Nc4 56.Nxb5 Ne5+ 57.Kg7 Nxg4
58.Nd6+ Kc3 59.Nf7 Rc7 60.Kg6 Rc6+ 61.Kg7 Rc7 62.Kg6 Rc6+ 63.Kg7 Re6 64.e5 Nxe5
65.Nxh6 Kd4 66.Rb4+ Ke3 67.Nf5+ Kf2 68.Rb2+ Kf1 69.Ng3+ Kg1 70.Re2 g4 71.Ra2 Rb6
72.h6 Rg6+ 73.Kh7 Rb6 74.Re2 Nf7 75.Kg7 Nxh6 76.Ra2 Re6 77.Rb2 Re3 78.Kxh6 Rxg3  1/2-1/2

[Event "VIII American Continental 2013"]
[Site "Cochabamba BOL"]
[Date "2013.05.15"]
[Round "11.21"]
[White "Latorre,Mat"]
[Black "Delgadillo,Adonay"]
[Result "1-0"]
[WhiteElo "2254"]
[BlackElo "2161"]

1.d4 Nf6 2.Bg5 Ne4 3.Bf4 d5 4.f3 Nf6 5.Nc3 e6 6.e4 Bb4 7.Bd3 dxe4 8.fxe4 c5
9.dxc5 O-O 10.Nf3 Bxc5 11.e5 Nh5 12.Qd2 Nxf4 13.Qxf4 Qb6 14.Ne4 Nd7 15.Nxc5 Qxc5
16.O-O-O Qe7 17.Ng5 f5 18.Nxe6 g5 19.Nxg5 Nxe5 20.Bc4+ Nxc4 21.Qxc4+ Kh8
22.h4 h6 23.Nf3 Qe3+ 24.Kb1 Be6 25.Qb4 Qe4 26.Qc3+ Kg8 27.Rhe1 Rad8 28.Rd4 Rxd4
29.Nxd4 Rc8 30.Rxe4 Rxc3 31.bxc3  1-0

[Event "14th Euro Indiv 2013"]
[Site "Legnica POL"]
[Date "2013.05.15"]
[Round "10.112"]
[White "Kanovsky,D"]
[Black "Pavlidou,E"]
[Result "1-0"]
[WhiteElo "2404"]
[BlackElo "2209"]

1.d4 Nf6 2.Bg5 Ne4 3.Bf4 c5 4.f3 Qa5+ 5.c3 Nf6 6.d5 Qb6 7.b3 d6 8.e4 Nbd7
9.Nd2 Nh5 10.Be3 Qc7 11.f4 Nhf6 12.Ngf3 g6 13.Be2 Bg7 14.Qc2 a6 15.a4 b6
16.h3 Bb7 17.O-O h6 18.Rae1 O-O-O 19.Bc4 Rdg8 20.Qd3 g5 21.Bxa6 g4 22.hxg4 Nxg4
23.Bxb7+ Kxb7 24.Nc4 h5 25.Ng5 h4 26.Bd2 Bf6 27.Nh3 Rg7 28.Re2 Rhg8 29.Kh1 Qc8
30.a5 Nh6 31.axb6 Rg3 32.Rf3 Rxf3 33.Qxf3 Rg3 34.Qf1 Bxc3 35.Bxc3 Rxc3 36.Qa1 Rxh3+
37.gxh3 Nxb6 38.Kh2 Ng4+ 39.hxg4 Qxg4 40.Qf1 Qg3+ 41.Kh1 Nxc4 42.bxc4 Qc3
43.Rh2 Qd4 44.Qb1+ Kc7 45.Rb2  1-0

[Event "6th Calgary International 2013"]
[Site "Calgary CAN"]
[Date "2013.05.16"]
[Round "4"]
[White "Pua,Richard"]
[Black "Peter,St"]
[Result "0-1"]
[WhiteElo "2007"]
[BlackElo "2234"]

1.d4 Nf6 2.Bg5 Ne4 3.Bf4 d5 4.e3 c5 5.c3 Qb6 6.Qb3 Nc6 7.Nf3 c4 8.Qxb6 axb6
9.Nbd2 Bf5 10.Be2 h6 11.Nxe4 Bxe4 12.O-O g5 13.Bg3 Bg6 14.Nd2 e6 15.e4 f5
16.exd5 exd5 17.Bc7 b5 18.f4 Rh7 19.Be5 Nxe5 20.fxe5 b4 21.cxb4 Bxb4 22.Nb1 Kd7
23.a3 Ke6 24.Nc3 Ba5 25.Bf3 Rd7 26.Rfd1 g4 27.Be2 Bd8 28.g3 h5 29.Kg2 Bg5
30.Bf1 f4 31.gxf4 Bxf4 32.Be2 Be3 33.Rf1 Bf5 34.Rad1 Ra5 35.Kg3 Rf7 36.Kh4 Bg6
37.Rxf7 Bxf7 38.Kg3 Bg6 39.Bf1 Bc2 40.Re1 Bxd4 41.Ne2 Bxe5+ 42.Kh4 Kf6 43.Kxh5 Bf5
44.Nc3 Bxc3 45.bxc3 Rxa3 46.Be2 Ra8 47.Kh4 Re8  0-1

[Event "14th Euro Indiv 2013"]
[Site "Legnica POL"]
[Date "2013.05.16"]
[Round "11.16"]
[White "Dubov,Danii"]
[Black "Sutovsky,E"]
[Result "1-0"]
[WhiteElo "2622"]
[BlackElo "2673"]

1.d4 Nf6 2.Bg5 Ne4 3.Bf4 c5 4.f3 Qa5+ 5.c3 Nf6 6.d5 e6 7.e4 exd5 8.exd5 d6
9.Qe2+ Be7 10.Bxd6 Nxd5 11.Na3 Be6 12.Bxe7 Kxe7 13.Nc4 Qc7 14.Nh3 Re8 15.Ng5 Kf8
16.O-O-O Nc6 17.Qf2 Rad8 18.Nxe6+ fxe6 19.Bd3 b5 20.Qxc5+ Kg8 21.Ne3 b4 22.Rhe1 bxc3
23.Nxd5 Rxd5 24.Bxh7+ Kxh7 25.Rxd5 exd5 26.Rxe8 Qf4+ 27.Qe3 cxb2+ 28.Kb1 Qc4
29.a3 Nd4 30.Qd2 a5 31.Re1 Kh8 32.Re8+ Kh7 33.Rb8 Nf5 34.Kxb2 Qc7 35.Rb5 Qe5+
36.Ka2 Ne3 37.Rxa5 Qe6 38.Qd3+ Nf5 39.g4 d4+ 40.Kb2  1-0

[Event "14th Euro Indiv 2013"]
[Site "Legnica POL"]
[Date "2013.05.16"]
[Round "11.40"]
[White "Bartel,Mat"]
[Black "Shomoev,A"]
[Result "0-1"]
[WhiteElo "2619"]
[BlackElo "2561"]

1.d4 Nf6 2.Bg5 Ne4 3.Bf4 c5 4.f3 Qa5+ 5.c3 Nf6 6.Nd2 cxd4 7.Nb3 Qd8 8.cxd4 d5
9.e3 e6 10.g4 Bd6 11.Bxd6 Qxd6 12.g5 Ng8 13.f4 h6 14.g6 f6 15.Ne2 Ne7 16.Ng3 Nbc6
17.Bd3 e5 18.dxe5 fxe5 19.O-O Bh3 20.Rf2 O-O 21.Qh5 exf4 22.exf4 Bd7 23.Raf1 Kh8
24.Nd2 Nb4 25.Bb1 Bb5 26.Nde4 Qxg6 27.Qxg6 Nxg6 28.Nc5 Bxf1 29.Bxg6 Bh3 30.a3 Nc6
31.Nxb7 Ne7 32.Bd3 Rac8 33.Re2 Rxf4 34.Re1 Nc6 35.Nd6 Ne5 36.Rxe5 Rc1+ 37.Nf1 Rcxf1+
38.Bxf1 Rxf1+  0-1

[Event "10th Orlova Open"]
[Site "Orlova CZE"]
[Date "2013.05.19"]
[Round "7.8"]
[White "Trombik,K"]
[Black "Olsar,Z"]
[Result "0-1"]
[WhiteElo "2086"]
[BlackElo "1960"]

1.d4 Nf6 2.Bg5 Ne4 3.Bf4 d5 4.f3 Nf6 5.e3 Nh5 6.Bg5 h6 7.Bh4 g5 8.Bf2 Bg7
9.Bd3 c5 10.c3 Qb6 11.b3 cxd4 12.cxd4 Nc6 13.Nd2 O-O 14.Ne2 e5 15.dxe5 Nxe5
16.Bc2 Qa6 17.Nd4 Nd3+ 18.Bxd3 Qxd3 19.Nb1 Nf4 20.Qxd3 Nxd3+ 21.Ke2 Bxd4
22.exd4 Nf4+ 23.Kf1 Bf5 24.Be3 Rac8 25.Na3 b5 26.g3 Ne6 27.g4 Bd3+ 28.Kf2 b4
29.Rhd1 Ba6 30.Nb1 Rc2+ 31.Nd2 Rfc8 32.a3 bxa3 33.Rxa3 R8c6 34.Rda1 Nc7 35.h4 gxh4
36.Rh1 Re6  0-1

[Event "La Punta Closed 2013"]
[Site "San Luis ARG"]
[Date "2013.05.25"]
[Round "2.3"]
[White "Hernandez Guerrero,G"]
[Black "Martinez,Ay"]
[Result "1-0"]
[WhiteElo "2523"]
[BlackElo "2110"]

1.d4 Nf6 2.Bg5 Ne4 3.Bf4 d5 4.e3 g6 5.Bd3 Bg7 6.Bxe4 dxe4 7.Nc3 c5 8.Nge2 Bg4
9.Nxe4 cxd4 10.exd4 Nc6 11.c3 O-O 12.h3 Bf5 13.N2g3 Bc8 14.O-O h6 15.d5 Ne5
16.Re1 Nc4 17.b3 Nb6 18.c4 g5 19.Bd2 f5 20.Nc5 Nxd5 21.cxd5 Qxd5 22.Bb4 Qf7
23.Rc1 a5 24.Bc3 Bxc3 25.Rxc3 b6 26.Nd7 f4 27.Nxf8  1-0

[Event "Chicago Open 2013"]
[Site "Wheeling USA"]
[Date "2013.05.25"]
[Round "5.1"]
[White "Zherebukh,Y"]
[Black "Lenderman,A"]
[Result "0-1"]
[WhiteElo "2629"]
[BlackElo "2585"]

1.d4 Nf6 2.Bg5 Ne4 3.Bf4 c5 4.f3 Qa5+ 5.c3 Nf6 6.d5 e6 7.e4 d6 8.dxe6 Bxe6
9.Na3 d5 10.Bxb8 Rxb8 11.Bb5+ Ke7 12.e5 Ne8 13.Bxe8 Kxe8 14.Ne2 Be7 15.O-O Rd8
16.f4 g6 17.Ng3 d4 18.c4 Qb4 19.Qd3 Rg8 20.Rac1 a6 21.Nb1 Qxb2 22.Nd2 Qb6
23.Nde4 Qc6 24.Rc2 Kd7 25.f5 gxf5 26.Nxf5 Rg6 27.g3 h5 28.Rb2 h4 29.Nxe7 Kxe7
30.Rfb1 hxg3 31.Rxb7+ Kf8 32.Nxg3 Bh3 33.R1b2 Bg4 34.Qf1 Rd7 35.Rxd7 Qxd7
36.Qf4 Kg7 37.Kf2 Qa4 38.Rb7 Qxa2+ 39.Ke1 Qxc4 40.h3 Qc3+ 41.Kf2 Qc2+ 42.Ke1 Qd1+
43.Kf2 Be6  0-1

[Event "TCh-POL Ekstraliga 2013"]
[Site "Wroclaw POL"]
[Date "2013.05.26"]
[Round "3"]
[White "Bednarek,S"]
[Black "Dragun,K"]
[Result "1-0"]
[WhiteElo "2314"]
[BlackElo "2520"]

1.d4 Nf6 2.Bg5 Ne4 3.Bf4 c5 4.f3 Qa5+ 5.c3 Nf6 6.d5 Qb6 7.b3 d6 8.e4 e6 9.dxe6 Bxe6
10.c4 g6 11.Nc3 Nh5 12.Be3 Bg7 13.Rc1 O-O 14.g4 Nf6 15.Bd3 Nc6 16.Nge2 Nd7
17.O-O Qd8 18.Bb1 Nde5 19.Kg2 h5 20.gxh5 Qh4 21.Kh1 g5 22.Ng3 Nd4 23.Nf5 Qxh5
24.f4 Ng4 25.Bg1 Nxf5 26.exf5 Bd7 27.Nd5 Bc6 28.Rc2 Bxd5+ 29.cxd5 gxf4 30.Rg2 Nf6
31.Qd3 Rfe8 32.Rxf4 Qh6 33.Rf3 Re1 34.Rfg3 Nh5 35.Rh3 Kf8 36.Qf3 Bd4 37.Rxh5 Qc1
38.Qg3 Ke7 39.Bd3 Kd7 40.Rh7 Rf8 41.f6 Kc7 42.Bg6 Be5 43.Qg4 Kb6 44.Bxf7 Bxf6
45.Qb4+ Ka6 46.Qa4+ Kb6 47.b4 a6 48.bxc5+ dxc5 49.Qb3+ Ka5 50.Qxb7 Bd4 51.Qc7+ Ka4
52.Qg3 Rb8 53.Bg6 Rg8 54.Rb7 c4 55.d6 Bxg1 56.Bc2+ Qxc2 57.Rxc2 Bf2+ 58.Kg2 Bxg3
59.Rxc4+ Ka5 60.Rc5+ Ka4 61.hxg3 Rd1 62.Rc6 Ka5 63.Rb3 Rd2+ 64.Kf3 Rxa2 65.Rd3 Kb5
66.Rc1 Rf8+ 67.Ke3 Rg2 68.Kd4 a5 69.d7 Rd8 70.Ke5 Re2+ 71.Kd6 Ree8 72.Kc7 Rg8
73.g4 a4 74.g5 Kb4 75.Rg1 a3 76.Rg4+ Kc5 77.Rxa3 Kd5  1-0

[Event "40 Yrs Beer Sheva CC"]
[Site "Beer Sheva ISR"]
[Date "2013.05.28"]
[Round "8"]
[White "Laznicka,V"]
[Black "Greenfeld,A"]
[Result "1-0"]
[WhiteElo "2679"]
[BlackElo "2538"]

1.d4 Nf6 2.Bg5 Ne4 3.Bf4 d5 4.e3 c5 5.Bd3 Nf6 6.c3 Nc6 7.Nd2 Bg4 8.Ngf3 e6
9.Qa4 Nd7 10.O-O Be7 11.h3 Bh5 12.Rae1 O-O 13.Qc2 f5 14.Bh2 c4 15.Be2 Bg6
16.Kh1 b5 17.Ng1 b4 18.Bf3 Rc8 19.Ne2 Qa5 20.Nf4 Bf7 21.g4 bxc3 22.bxc3 g5
23.Ne2 Bg6 24.gxf5 Rxf5 25.Bg4 Rf6 26.Qd1 h5 27.Bf3 Rcf8 28.Bg2 Rxf2 29.Rxf2 Rxf2
30.Bg3 Rf7 31.h4 Qxa2 32.hxg5 Bc2 33.Qc1 Bxg5 34.Nf4 h4 35.Nxe6 hxg3 36.Nxg5 Rf5
37.Ndf3 Bd3 38.e4 dxe4 39.Nh4 Rb5 40.Qf4 Qf2 41.Nhf3 Nd8 42.Nh3 Qa2 43.Qg4+ Kf8
44.Qxd7 Rb1 45.Qxd8+ Kg7 46.Qe7+ Kg8 47.Rxb1 Qxb1+ 48.Nfg1 Qe1 49.Ng5 Qf2
50.Nxe4  1-0

[Event "40 Yrs Beer Sheva CC"]
[Site "Beer Sheva ISR"]
[Date "2013.05.29"]
[Round "11"]
[White "Rodshtein,M"]
[Black "Huzman,A"]
[Result "0-1"]
[WhiteElo "2638"]
[BlackElo "2572"]

1.d4 Nf6 2.Bg5 Ne4 3.Bf4 d5 4.e3 c5 5.Bd3 Nf6 6.c3 Nc6 7.Nd2 e6 8.Ngf3 Bd6
9.Bg3 Bxg3 10.hxg3 Qd6 11.Qe2 e5 12.dxc5 Qxc5 13.e4 Bg4 14.exd5 Nxd5 15.Bb5 O-O-O
16.Ne4 Qb6 17.Bxc6 bxc6 18.O-O-O f6 19.c4 Kb8 20.cxd5 cxd5 21.Nc3 d4 22.Ne4 f5
23.Ned2 e4 24.Kb1 Rhe8 25.Qc4 f4 26.Qf7 Qf6 27.Qb3+ Ka8 28.Rhe1 Qg6 29.Ka1 exf3
30.gxf3 Bc8 31.Ne4 fxg3 32.fxg3 Qb6 33.Qa4 d3 34.Qa3 d2 35.Re2 Ba6 36.Rexd2 Rxd2
37.Nxd2 Rd8 38.Qc3 Qd4 39.Qc6+ Bb7 40.Qc7 Rc8 41.Qa5 Rc2 42.Qa3 Qxd2 43.Qf8+ Bc8
44.Rb1 Rc1  0-1

[Event "French Top 12 2013"]
[Site "Haguenau FRA"]
[Date "2013.06.01"]
[Round "3.8"]
[White "Maisuradze,N"]
[Black "Milliet,S"]
[Result "1/2-1/2"]
[WhiteElo "2304"]
[BlackElo "2391"]

1.d4 Nf6 2.Bg5 Ne4 3.Bf4 d5 4.Nd2 Nf6 5.e3 c5 6.c3 Nc6 7.Bd3 e6 8.Ngf3 Bd6
9.Bxd6 Qxd6 10.O-O O-O 11.dxc5 Qxc5 12.c4 e5 13.cxd5 Qxd5 14.Bc4 Qd6 15.Nb3 Qb4
16.Rc1 Bg4 17.h3 Rad8 18.Qe1 Bxf3 19.Qxb4 Nxb4 20.gxf3 b6 21.a3 Nbd5 22.Rfd1 Ne7
23.Kf1 h5 24.Ke2 Rxd1 25.Rxd1 Rc8 26.Ba6 Rc2+ 27.Rd2 Rxd2+ 28.Nxd2 Nh7 29.Nc4 f6
30.f4 exf4 31.exf4 Kf7 32.Nd6+ Ke6 33.Nb5 Nf8 34.Nxa7 Nfg6 35.Kf3 Nh4+ 36.Kg3 Nhf5+
37.Kg2 Nh4+ 38.Kg3 Nhf5+ 39.Kg2 Nh4+ 40.Kh2 Kd5 41.Nc8 Nxc8 42.Bxc8 Nf3+
43.Kg3 Nd4 44.f5 Ne2+ 45.Kh4 Nf4 46.Bd7 Kc4 47.Be6+ Kd4 48.b4 b5 49.Bf7 Kc3
50.Bxh5 Kb3 51.Be8 Kxa3 52.Bxb5 Kxb4 53.Be8 Kc5 54.Kg4 Nd5 55.Bf7 Ne7 56.h4 Kd4
57.Kf4 Nc6 58.Be6 Ne5 59.h5 Nd3+ 60.Kg3 Ke4 61.Bc8 Ne5 62.f3+ Ke3 63.Bb7 Nf7
64.Bd5 Nd6 65.Be6 Kd4 66.Kf4 Nb5 67.Bd7 Nc3 68.Kg4 Ke5 69.h6 gxh6 70.Kh5 Ne2
71.Kxh6 Nd4 72.Kh5 Nxf3 73.Kg4 Nd4 74.Bc8 Nc2 75.Kf3 Nd4+ 76.Ke3 Nc6 77.Bd7 Ne7
78.Be6 Nxf5+ 79.Bxf5 Kxf5 80.Kf3  1/2-1/2

[Event "Grand Europe Open Albena"]
[Site "Albena BUL"]
[Date "2013.06.03"]
[Round "3.29"]
[White "Nabaty,T"]
[Black "Mgeladze,T"]
[Result "1-0"]
[WhiteElo "2579"]
[BlackElo "2197"]

1.d4 Nf6 2.Bg5 Ne4 3.Bh4 c5 4.f3 Qa5+ 5.c3 g5 6.fxe4 gxh4 7.e3 Bh6 8.Na3 cxd4
9.exd4 d6 10.Bb5+ Kf8 11.Qh5 Kg7 12.Qxh4 a6 13.Bd3 Qg5 14.Qxg5+ Bxg5 15.Nf3 Bh6
16.Nc4 b5 17.Nb6 Ra7 18.g4 f6 19.h4 Kf7 20.g5 Bg7 21.Nxc8 Rxc8 22.e5 fxe5
23.Bxh7 exd4 24.cxd4 Nc6 25.O-O Ke8 26.Bf5 Rcc7 27.Rad1 Nd8 28.h5 e6 29.Bg4 Rc2
30.h6 Bh8 31.Bh5+ Kd7 32.g6 Kc6 33.Rc1 Rxc1 34.Rxc1+ Kd5 35.Rc8 Rd7 36.Kf2  1-0

[Event "Grand Europe Open Albena"]
[Site "Albena BUL"]
[Date "2013.06.05"]
[Round "5.34"]
[White "Nabaty,T"]
[Black "Reipsch,J"]
[Result "1-0"]
[WhiteElo "2579"]
[BlackElo "2221"]

1.d4 Nf6 2.Bg5 Ne4 3.Bh4 d5 4.f3 Nd6 5.Nc3 Nf5 6.Bf2 e6 7.e4 Nh4 8.Qd2 Bb4
9.O-O-O c6 10.a3 Ba5 11.g3 Ng6 12.h4 b5 13.h5 Nf8 14.h6 g6 15.Qe3 b4 16.Na4 bxa3
17.Qxa3 Nfd7 18.Nh3 Na6 19.Be1 Rb8 20.Bxa6 Bxa6 21.Nc5 Bxe1 22.Rhxe1 Bc8
23.exd5 Nxc5 24.dxc5 cxd5 25.Nf4 Bb7 26.c6 Bxc6 27.Nxe6 fxe6 28.Rxe6+ Kf7
29.Rxc6 Rb7 30.Qc3 Rg8 31.Qe5 Re7 32.Rf6+ Ke8 33.Re6 Qd7 34.Rxe7+ Qxe7 35.Qxd5 Rf8
36.Qc6+  1-0

[Event "6th Mayors Cup 2013"]
[Site "Mumbai IND"]
[Date "2013.06.06"]
[Round "11"]
[White "Zubarev,Al1"]
[Black "Harutjunyan,G"]
[Result "1-0"]
[WhiteElo "2559"]
[BlackElo "2455"]

1.d4 Nf6 2.Bg5 Ne4 3.Bf4 d5 4.e3 Bf5 5.Bd3 e6 6.Nc3 Bb4 7.Ne2 Nd7 8.O-O O-O
9.f3 Nxc3 10.bxc3 Ba5 11.Bxf5 exf5 12.Qd3 g5 13.Bg3 Re8 14.Bf2 c5 15.Qxf5 cxd4
16.cxd4 Nb6 17.Rab1 Nc4 18.Ng3 Rc8 19.e4 Bb6 20.Nh5 Re6 21.e5 Rg6 22.Rb5 Rcc6
23.Qd3 Qd7 24.a4 a6 25.Rbb1 Bd8 26.h3 Be7 27.f4 g4 28.f5 Rg5 29.hxg4 Rxg4
30.Qf3 Rg5 31.e6 fxe6 32.f6 Bd6 33.Bh4 Rf5 34.Qg4+ Kf8 35.Rxf5 exf5 36.Qg7+ Qxg7
37.fxg7+ Kg8 38.Rxb7 Bc7 39.Nf6+ Kxg7 40.Nxd5  1-0